La insurreción armada de 1920 en Guatemala (ensayo) /
Guardado en:
| Autor principal: | |
|---|---|
| Formato: | Texto |
| Etiquetas: |
Agregar Etiqueta
Sin Etiquetas, Sea el primero en etiquetar este registro!
|
MARC
| LEADER | 00000 a a2200000 04500 | ||
|---|---|---|---|
| 001 | 45372 | ||
| 003 | |||
| 040 | |||
| 090 | |a REV0780 (8)1979 | ||
| 100 | |a Figueroa Ibarra, Carlos | ||
| 245 | |a La insurreción armada de 1920 en Guatemala (ensayo) / |c Carlos Figueroa Ibarra | ||
| 773 | |g número8, II Epoca (Julio - Diciembre, 1979), páginas 91-147 | ||
| 999 | |c 20837 |d 20837 | ||
